00979nas a2200205 4545000010006000000050017000060080037000230030015000600400040000750800077001152450037001922640073002293100152003021000062004546500014005166500016005306500025005466500027005718560175005982631420260407193507.0260407s1956####ag###########|||spa#dAR-UNSa-BCEJYS aAR-UNSa-BCEJYSbspacAR-UNSa-BCEJYS a311.3xOrganización general de las estadisticas. Estadística oficial10aBoletin mensual de estadística 1aBuenos Aires :bDirección Nacional de Estadística y Censosc1956 aFrecuencia: Mensual Cambia de título a partir del Nº 1, Enero/Marzo de 1963 por Boletín de Estadística, la frecuencia cambia por trimestral.1 aArgentina. Dirección Nacional de Estadística y Censos aArgentina aESTADISTICA aDatos estadísticos aINDICADORES ECONOMICOS41uhttps://biblioeco.unsa.edu.ar/pmb/images/revistas/Boletin mensual de estad?stica Argentina. Direcci?n Nacional de Estad?stica y Censos.jpgyImagen de portadaqimage/jpeg